| 000 | 01175cam a22003497i 4500 | ||
|---|---|---|---|
| 999 |
_c22371 _d22371 |
||
| 001 | 21800411 | ||
| 003 | OSt | ||
| 005 | 20220506130659.0 | ||
| 008 | 200922e201907 pe a 000 0 spa | ||
| 010 | _a 2021357911 | ||
| 020 | _a9786124779527 | ||
| 035 | _a(PE-LiEIC)it201600017587 | ||
| 040 |
_aBiblioteca Municipalidad de Cusco _cBiblioteca Municipalidad de Cusco _erda |
||
| 043 | _as-pe--- | ||
| 082 | _a364.1/J64 | ||
| 100 | 1 |
_aJochamowitz, Luis _d1953- _947949 |
|
| 245 | 1 | 0 |
_aCrímenes en Lima / _cLuis Jochamowitz |
| 250 | _aPrimera edición. | ||
| 264 | 1 |
_aLima, Perú : _bMelquíades, _cjulio 2019. |
|
| 300 |
_a197 páginas. : _bilustraciones ; _c24 cm. |
||
| 505 | _aContenido: Lima ciudad de pobres corazones. -- La carne de los Paredes. ... | ||
| 650 |
_aCrónica literaria peruana _ySiglo XX _947950 |
||
| 700 |
_aWiener, Gabriela _947951 |
||
| 700 |
_aSalvatierra, Dany _947952 |
||
| 700 |
_aLeón, Ricardo _911095 |
||
| 700 |
_aFreyre, Carlos Enrique _947953 |
||
| 700 |
_aNeyra, Alejandro _d1974- _947954 |
||
| 700 |
_aParedes, Carlos _d1969- _947955 |
||
| 700 |
_aRío, María Luisa del _d1968- _947956 |
||
| 942 |
_2ddc _cLIBROS |
||